000 01812nam0a2200397 4500
001 RU\NLR\bibl\1046684
005 20250615032742.0
010 _a5-699-19645-5
_93000
021 _aRU
_b2006-86838
_94401
035 _a(nilc)RSL-KNO-003019599
035 _a(NLR Aleph) 001034038
090 _a776776
_c776776
100 _a20070117d2007 |||y0rusy50 ca
101 0 _arus
102 _aRU
105 _ay zzzz|||||
106 _ar
200 1 _aКонституционное право зарубежных стран
_eконспект лекций
_e[для студентов высших учебных заведений по специальности "Юриспруденция"
_fотв. ред. Е. Сукясян]
205 _a[2-е изд., перераб. и доп.]
210 _aМосква
_cЭксмо
_d2007 [т.е. 2006]
215 _a158, [1] с.
_d20
225 1 _aЭкзамен в кармане
225 1 _aХит сезона
300 _aКн. фактически изд. в 2006 г.
320 _aБиблиогр.: с. 155-159
606 1 _aКонституционное право
_jУчебные издания для высших учебных заведений
_yЗарубежные страны
_92096933
_3RU\NLR\auth\661268656
610 0 _aГосударство и право. Юридические науки -- Государственное (конституционное) право -- Капиталистические страны -- Лекции для высшей школы
686 _aХ80я73-2
_2rubbk
686 _aХ80я73
702 1 _aСукясян
_bЕ.
_4340
801 0 _aRU
_bРКП
_c20070117
_grcr
801 1 _aRU
_bРГБ
_c20070117
801 2 _aRU
_bNLR
_c20070215
_grcr
942 _cBOOK
980 _aNB